[Event "RSA-ch U10"]
[Site "Bloemfontein"]
[Date "2016.03.20"]
[Round "1"]
[White "Nkosi, Dicken"]
[Black "Delport, Ben"]
[Result "1-0"]
[WhiteElo "1107"]
[BlackElo "925"]
[PlyCount "69"]
[EventDate "2016.03.20"]
[EventType "swiss"]
[EventRounds "11"]
[EventCountry "RSA"]
[SourceTitle "CBM 171 Extra"]
[Source "ChessBase"]
[SourceDate "2016.04.26"]
[SourceVersion "1"]
[SourceVersionDate "2016.04.26"]
[SourceQuality "1"]

1. e4 c5 2. Nf3 d6 3. d4 cxd4 4. Nxd4 e6 5. Nc3 Nf6 6. Be3 Be7 7. Bd3 0-0 8. 0-0 a6 9. f4 Nbd7 10. Qf3 h6 11. Qg3 Qc7 12. f5 Ne5 13. Bxh6 Nfg4 14. h3 Nxh6 15. fxe6 Bxe6 16. Nxe6 fxe6 17. Rxf8+ Rxf8 18. Ne2 Qc5+ 19. Kh1 Qf2 20. Qxf2 Rxf2 21. Kg1 Nxd3 22. Nd4 e5 23. cxd3 Rxb2 24. Nb3 Bg5 25. Kh2 Rf2 26. Na5 Rf7 27. Nc4 Be7 28. Rb1 b5 29. Nb2 Rf2 30. Kg3 Rf6 31. Nd1 Rg6+ 32. Kh2 Bg5 33. Nc3 Bf4+ 34. Kg1 Be3+ 35. Kh1 1-0